000 00555nam a22001935i 4500
001 177588
003 ES-MaACL
005 20230906220353.0
008 110405s2009 sp |||| | spa d
020 _a978-84-937413-0-3
080 _a821.131.1-31"19"
100 1 _aBartolini, Luigi.
_926154
245 1 0 _aLadrones de bicicletas /
_cLuigi Bartolini ; traducción de Pepa Linares.
250 _a1ª ed.
260 _aBarcelona :
_bSajalín,
_c2009.
300 _a182 p. ;
_c19 cm.
700 1 _aLinares, Pepa.
_972344
852 _aES-MaACL
_jE-14791
999 _c177588
_d177588